00293cam a22000977a 4500008004000000082001500040100001800055245005800073260005300131300001100184180718b1978 xxu||||| |||| 00| 0 eng d aA75 R137SI aAgarwal, B.D. aRajasthan district gazetteers: Sikarcby B.D. Agarwal aJaipurbDirectorate of District Gazetteersc1978 a479+p.